Manual de piadosas meditaciones en donde solo se manifiesta la necesidad que todos tenemos de practicar la oración mental ...

Detalles Bibliográficos
Formato: Libro
Publicado: Barcelona 1819
Materias:
Colección:Banco de datos
Acervo:Biblioteca Nacional de Antropología e Historia. Fondo Conventual
Tema general:Ascética
Notas:Buena. XIII,6,13
LEADER 00673nam a22001810004500
035 |a 11209 
036 |a 5814 
245 1 0 |a Manual de piadosas meditaciones en donde solo se manifiesta la necesidad que todos tenemos de practicar la oración mental ... 
260 |a Barcelona  |b Antonio Brusí  |c 1819 
500 |a Buena. XIII,6,13 
650 1 0 |a Ascética 
949 |a B.N.A.H. 
959 |a Biblioteca Nacional de Antropología e Historia. Ciudad de México  |b CCC1 
960 |a Seminario de Morelia  |b DD56 
961 |a Casa de formación del Clero Secular  |b CS 
942 |c B.N.A.H. 
943 |g Biblioteca Nacional de Antropología e Historia. Fondo Conventual 
999 |c 1035741  |d 1035741